000
00236nam a2200097Ia 4500
008
170620s9999 xx 000 0 und d
100
_a
Pandey- Ramshakal
245
0
_a
Principles of Education
260
_b
Agra- Vinod Pustak Mandir
260
_c
2001
300
_a
424
999
_c
23558
_d
23558